000 00650nam a2200193Ia 4500
008 151121s9999||||xx |||||||||||||| ||und||
082 _a814/मंगळ
082 _bHNW-29222
100 _aमंगळवेढेकर राजा
245 _aकथा आणि कथाकथन
260 _b"साधना प्रकाशन, पुणे।"
260 _c--
300 _a216
600 _aमंगळवेढेकर राजा
630 _aकथा आणि कथाकथन
700 _aमंगळवेढेकर राजा
730 _aकथा आणि कथाकथन
942 _cBOOK
999 _c1224384
_d1224381